000 00699nam a22002417a 4500
003 UA-OsUOA
001 43898
007 ta
008 20070129b un ||||| |||| 00| 0 ukr d
090 _a2(477)
_bД85
942 _cBK
040 _aUA-OsUOA
_bukr
_cUA-OsUOA
_dUA-OsUOA
245 _aДуховність українства
_bЗбірник наукових праць
_cРед. кол. О.М. Барно
300 _a79 с.
955 _a1
041 _aukr
080 _a2(477)
020 _a966-7603-95-4
260 _aЖитомир
_bРед.-вид.відділ ЖДПУ
_c2003
250 _nВипуск 6
650 7 _a2 Релігія. Теологія.
_2UDC
999 _c330013
_d330013